El marido desleal o ¿Quién engaña a quién? (Record no. 154293)

MARC details
000 -LEADER
campo de control de longitud fija 01297nam a22002655i 4500
001 - NÚMERO DE CONTROL
campo de control 154293
003 - IDENTIFICADOR DE NÚMERO DE CONTROL
campo de control ES-MaACL
005 - FECHA Y HORA DE LA ÚLTIMA TRANSACCIÓN
campo de control 20251003185625.0
008 - DATOS DE LONGITUD FIJA--INFORMACIÓN GENERAL
campo de control de longitud fija 010510s1842 sp |||| | spa d
040 ## - FUENTE DE CATALOGACIÓN
Centro catalogador/agencia de origen CCPB | B
Lengua de catalogación spa
Centro/agencia transcriptor CCPB | B
080 ## - NÚMERO DE LA CLASIFICACIÓN DECIMAL UNIVERSAL
Número de la Clasificación Decimal Universal 821.133.1-2"18"
100 1# - ENTRADA PRINCIPAL--NOMBRE DE PERSONA
Nombre de persona Scribe, Eugène.
9 (RLIN) 104966
245 13 - MENCIÓN DEL TÍTULO
Título El marido desleal o ¿Quién engaña a quién?
Resto del título : comedia en tres actos /
Mención de responsabilidad, etc. escrita en francés por E. Scribe ; (arreglada al teatro español por I. Gil y C. Doncel).
260 ## - PUBLICACIÓN, DISTRIBUCIÓN, ETC.
Lugar de publicación, distribución, etc. Madrid :
Nombre del editor, distribuidor, etc. [s.n.,
Fecha de publicación, distribución, etc. 1842?] (
Fabricante Imprenta de D.F. Suarez)
300 ## - DESCRIPCIÓN FÍSICA
Extensión 30 p. ;
Dimensiones 26 cm.
490 1# - MENCIÓN DE SERIE
Mención de serie Museo dramático ó Colección de comedias del teatro estrangero, [sic] representadas en los principales de la corte ;
Designación de volumen o secuencia 1
594 ## - Nota al título y mención de responsabilidad
Nota al título y mención de responsabilidad Título y autores tomados del principio del texto.
596 ## - NOTA AL PIE DE IMPRENTA
NOTA AL PIE DE IMPRENTA Representada por primera vez en Madrid en el Teatro del Príncipe el dia 10 de septiembre de 1842.
700 1# - ENTRADA AGREGADA--NOMBRE PERSONAL
Nombre de persona Gil y Baus, Isidoro,
Fechas asociadas al nombre 1814-1866
9 (RLIN) 56736
740 1# - ENTRADA AGREGADA--TÍTULO RELACIONADO/ANALÍTICO NO CONTROLADO
Título relacionado o analítico no controlado ¿Quién engaña a quién?
830 00 - PUNTO DE ACCESO ADICIONAL DE SERIE-TÍTULO UNIFORME
Título uniforme Museo dramático ó Colección de comedias del teatro estranjero representadas en los principales teatros de la corte
Designación de volumen o secuencia 1
9 (RLIN) 242030
852 ## - LOCALIZACIÓN
Ubicación ES-MaACL
Número de control de estantería F-7488(14)
Nota libre -- Enc. hol.
-- -- Enc. en un vol. facticio
Holdings
Estatus retirado Estado de pérdida Estado de daño No para préstamo Colección Biblioteca de origen Biblioteca actual Ubicación en estantería Fecha de adquisición Total de préstamos Signatura topográfica completa Código de barras Visto por última vez Precio de reemplazo Tipo de ítem Koha
        Libros del s. XIX Biblioteca del Ateneo de Madrid Biblioteca del Ateneo de Madrid Depósito 2 17/01/2008   F-7488(14) 1161344 23/02/2023 23/02/2023 Libro impreso antiguo